Чубинского Михаила Павловича

Доступно только в Электронных читальных залах Найти на картеНа карте
RUSMARC
00004094nac2a22003011x 450
001f6094db3-b012-4194-b9bb-8eaac5968ccd
00520131119125659.0
100##$a20130605l19101918k y0rusy50 ca
1010#$arus
102##$aRU
105##$ay z |||||
1222#$ad19100417
$ad19180207
2001#$aЧубинского Михаила Павловича
$j17 апреля 1910 - 20 февраля 1918
215##$a20 листов
251##$cДело
300##$aЗаголовок дела на папке: Письма Чубинского Михаила Павловича Кони Анатолию Федоровичу
300##$aВ деле имеются документы без дат
300##$a10 писем
300##$aРукописный текст
330##$aПереписка А. Ф. Кони; Письма к А. Ф. Кони
461#0$10013a54f2e3-e9cf-409b-80fa-f0a9bd3c40cb
$12001
$aКони Анатолий Федорович, юрист, литератор, член академии наук, председатель Санкт-Петербургского окружного суда, член государственного совета
$1251
$cФонд
$1852
$j564
462#0$100178a475cd-a47d-4377-bff3-cee4b81de655
$12001
$aОпись дел фонда А. Ф. Кони за 1880-1931 гг.
$1251
$cОпись
$1852
$j1
517##$aПисьма Чубинского Михаила Павловича Кони Анатолию Федоровичу
600#1$aКони
$bА. Ф.
$f1844-1927
$gАнатолий Федорович
600#1$aЧубинский
$bМ. П.
$gМихаил Павлович
801#0$aRU
$bGA_RF
801#1$aRU
$bНПО Опыт
$c20130605
$2rusmarc
801#2$aRU
$bПБ им. Б.Н. Ельцина
$c20131119
$gRCR
$2rusmarc
852##$aГА РФ
$j3688
937##$d41812016
$hПБ
035##$aRuPRLIB51006314
Формат отображения